LEADER 01378nam--2200421---450- 001 990001587660203316 005 20100107093815.0 010 $a88-13-24848-2 035 $a000158766 035 $aUSA01000158766 035 $a(ALEPH)000158766USA01 035 $a000158766 100 $a20040421d2003----km-y0enga50------ba 101 $aita 102 $aIT 105 $a||||||||001yy 200 1 $aGiurisdizione penale e giusto processo verso nuovi equilibri$fFilippo Raffaele Dinacci 210 $aPadova$cCedam$d2003 215 $aXI, 347 p.$d22 cm 225 2 $aQuestioni nuove di procedura penale$v15 410 0$12001$aQuestioni nuove di procedura penale$v15 454 1$12001 606 $aProcesso penale$xRiforma 675 $a345.4507 700 1$aDINACCI,$bFilippo Raffaele$0267907 801 0$aIT$bsalbc$gISBD 912 $a990001587660203316 951 $aXXVI.2. Coll. 3/ 12 (COLL HRO 15)$b38928 GIU$cXXVI.2. Coll. 3/ 12 (COLL HRO)$d00090908 951 $aSANT.2 Coll. Q 6 15$b1799 DDPG$cSANT.2 959 $aBK 969 $aGIU 969 $aDDPG 979 $aMARIA$b10$c20040421$lUSA01$h1043 979 $aSIAVER$b90$c20040514$lUSA01$h1757 979 $aDDPG2$b90$c20060703$lUSA01$h1012 979 $aRSIAV4$b90$c20100107$lUSA01$h0938 996 $aGiurisdizione penale e giusto processo verso nuovi equilibri$9938790 997 $aUNISA LEADER 04262nam 2200625 450 001 9910818933603321 005 20200520144314.0 010 $a0-8143-3993-X 035 $a(CKB)3710000000087759 035 $a(EBL)3416578 035 $a(SSID)ssj0001115700 035 $a(PQKBManifestationID)11709005 035 $a(PQKBTitleCode)TC0001115700 035 $a(PQKBWorkID)11083187 035 $a(PQKB)11164468 035 $a(OCoLC)608885314 035 $a(MdBmJHUP)muse28169 035 $a(Au-PeEL)EBL3416578 035 $a(CaPaEBR)ebr10836363 035 $a(OCoLC)923512224 035 $a(MiAaPQ)EBC3416578 035 $a(EXLCZ)993710000000087759 100 $a20071128h20082008 uy| 0 101 0 $aeng 135 $aurcnu|||||||| 181 $ctxt 182 $cc 183 $acr 200 00$aMediating modernity $echallenges and trends in the Jewish encounter with the modern world : essays in honor of Michael A. Meyer /$fedited by Lauren B. Strauss and Michael Brenner 210 1$aDetroit :$cWayne State University Press,$d[2008] 210 4$dİ2008 215 $a1 online resource (396 p.) 300 $aDescription based upon print version of record. 311 $a0-8143-3395-8 320 $aIncludes bibliographical references and index. 327 $aModernity through the eyes of its chroniclers: the scholar as interpreter and shaper of modern Jewish life / Lauren B. Strauss -- Michael A. Meyer: an appreciation / Ismar Schorsch -- Michael A. Meyer and his vision of Reform Judaism and the Reform rabbinate: a lifetime of devotion and concern / David Ellenson -- Michael A. Meyer's periodization of modern Jewish history: revisiting a seminal essay / David B. Ruderman -- When does the modern period of the Jewish calendar begin? / Elisheva Carlebach -- The controversy over the salvation of the Jews, Turks, and heathens in the second half of the eighteenth century: a theological path to tolerance? / Ernst-Peter Wieckenberg -- The Merchant of Venice and the theological construction of Christian Europe / Susannah Heschel -- Toward the popular religion of Ashkenazic Jews: Yiddish-Hebrew texts on sex and circumcision / Michael Stanislawski -- Analyzing the zeitgeist: Ludwig Philippson as historian of the modern era / Christhard Hoffmann -- German historians and the Jews / Peter Pulzer -- The "return of the Jews to history": considerations about an ideological concept / Evyatar Friesel -- Simon Rawidowicz on the Arab question: a prescient gaze into the "new history?" / David N. Myers -- Jewish religion and capitalism / Avraham Barkai -- The mystical world of colonial American Jews / Jonathan D. Sarna -- Public faith and private virtue: Cincinnati's American Israelites / Karla Goldman -- Gender, antisemitism, and Jewish identity in the fin de sie?cle / Paula E. Hyman -- Apprenticeships in work and love: Jewish youth growing up in Imperial Germany / Marion Kaplan -- Lukewarm establishment or militant religious ideology?: German liberal Judaism in the 1920s / Steven M. Lowenstein -- Moses Mendelssohn's dreams and nightmares / Shmuel Feiner -- The construction and deconstruction of a Jewish hero: Moses Mendelssohn's afterlife in early-twentieth-century Germany / Michael Brenner -- Singing new songs: translation as a metaphor for modernity / Richard N. Levy -- Reflections on Jewish nostalgia in the era of globalization / Richard I. Cohen -- From Klausner to Oz and back / Arnold J. Band -- Stumbling stones: marks of Holocaust memory on German streets / Monika Richarz -- Is literary history possible?: reflections on literary history / Gershon Shaked. 606 $aJews$xIdentity$xHistory 606 $aJews$xHistory$y1789-1945 606 $aEnlightenment 606 $aReform Judaism$xHistory 615 0$aJews$xIdentity$xHistory. 615 0$aJews$xHistory 615 0$aEnlightenment. 615 0$aReform Judaism$xHistory. 676 $a909/.0976608 701 $aStrauss$b Lauren B$01640624 701 $aBrenner$b Michael$f1964-$0475906 701 $aMeyer$b Michael A$0282115 801 0$bMiAaPQ 801 1$bMiAaPQ 801 2$bMiAaPQ 906 $aBOOK 912 $a9910818933603321 996 $aMediating modernity$93984253 997 $aUNINA